How to write and speak : (Record no. 153981)

MARC details
000 -LEADER
fixed length control field 00492nam a22001817a 4500
003 - CONTROL NUMBER IDENTIFIER
control field dpl
005 - DATE AND TIME OF LATEST TRANSACTION
control field 20180713130032.0
008 - FIXED-LENGTH DATA ELEMENTS--GENERAL INFORMATION
fixed length control field 180713b xxu||||| |||| 00| 0 eng d
020 ## - INTERNATIONAL STANDARD BOOK NUMBER
International Standard Book Number 9788189093976
Terms of availability 485
035 ## - SYSTEM CONTROL NUMBER
System control number B-219251
040 ## - CATALOGING SOURCE
Original cataloging agency dpl
Language of cataloging EN
Transcribing agency 0
082 ## - DEWEY DECIMAL CLASSIFICATION NUMBER
Classification number 485
100 ## - MAIN ENTRY--PERSONAL NAME
Personal name Jones, Neil
245 ## - TITLE STATEMENT
Title How to write and speak :
Remainder of title better english/
Statement of responsibility, etc by Neil Jones
260 ## - PUBLICATION, DISTRIBUTION, ETC. (IMPRINT)
Place of publication, distribution, etc New Delhi
Name of publisher, distributor, etc Lotus Press
Date of publication, distribution, etc 2006
300 ## - PHYSICAL DESCRIPTION
Extent 197p;
Dimensions 22cm.
942 ## - ADDED ENTRY ELEMENTS (KOHA)
Source of classification or shelving scheme Dewey Decimal Classification
Koha item type English Books
Classification part 485
Call number suffix JON
Holdings
Withdrawn status Lost status Source of classification or shelving scheme Damaged status Not for loan Collection code Home library Current library Date acquired Source of acquisition Cost, normal purchase price Total Checkouts Total Renewals Full call number Barcode Date last seen Date checked out Cost, replacement price Price effective from Koha item type
    Dewey Decimal Classification     Non-fiction Patel Nagar Patel Nagar 13/07/2018 BPPD/Pub 0.00 6 2 485 JON b-219251 22/01/2021 12/03/2020 0.00 13/07/2018 English Books
    Dewey Decimal Classification     Non-fiction R.C.Libraries (zls) R.C.Libraries (zls) 18/09/2019   95.00 1 1 485 JON B-219255 09/09/2025 10/05/2025 95.00 18/09/2019 English Books

© Delhi Public Library
Hit Counter
free hit counter